| 000 | 01212cam a22003737i 4500 | ||
|---|---|---|---|
| 001 | 2801 | ||
| 003 | FISKH | ||
| 005 | 20240115160704.0 | ||
| 008 | 120326s2013 nyua j 000 1 eng | ||
| 010 | _a 2012936203 | ||
| 020 | _a9780061885242 | ||
| 020 | _a006188524X | ||
| 020 | _a9780061885242 | ||
| 040 |
_aDLC _beng _cDLC _erda _dDLC |
||
| 050 | 0 | 0 | _aMLCM 2013/42035 (P) |
| 082 | _aPZ7.L444 | ||
| 100 | 1 | _aLemke, Donald B. | |
| 245 | 1 | 0 |
_aSuperman versus the Silver Banshee / _cby Donald Lemke ; pictures by Andy Smith. |
| 250 | _aFirst Edition. | ||
| 260 |
_aNew York : _bHarper Collins, _c2013. |
||
| 300 |
_a32 pages : _bcolor illustrations ; _c23 cm. |
||
| 336 |
_atext _2rdacontent |
||
| 337 |
_aunmediated _2rdamedia |
||
| 338 |
_avolume _2rdacarrier |
||
| 490 | 0 |
_aI can read! ; _vreading 2 with help |
|
| 505 | _aO | ||
| 520 | _aThe Silver Banshee has come screeching into Metropolis, and she's on a mission to steal an ancient magical book. | ||
| 521 | 8 |
_a600
_bLexile |
|
| 521 | 8 |
_aO
_bRaz-Plus |
|
| 650 |
_aSuper Heroes _vJuvenile literature |
||
| 700 | 1 |
_aSmith, Andy, _d1969- _eillustrator. |
|
| 906 |
_a7 _bcbc _corignew _d4 _encip _f20 _gy-gencatlg |
||
| 942 |
_2ddc _cBK _n0 |
||
| 999 |
_c2801 _d2801 |
||